[Event "12th American Continental"]
[Site "Medellin COL"]
[Date "2017.06.15"]
[Round "8.9"]
[White "Flores, Diego"]
[Black "Tang, Andrew"]
[Result "1/2-1/2"]
[WhiteElo "2567"]
[BlackElo "2461"]
[EventDate "2017.06.10"]
[PlyCount "39"]

1.d4 d5 2.c4 e6 3.Nc3 Be7 4.Nf3 Nf6 5.Bg5 h6 6.Bh4 O-O 7.e3 b6 8.Bd3 Bb7 
9.O-O Nbd7 10.cxd5 Nxd5 11.Bg3 c5 12.Rc1 Nxc3 13.bxc3 Nf6 14.Qe2 Rc8 15.
Ba6 Qd5 16.Bc4 Qh5 17.Ba6 Qd5 18.Bc4 Qh5 19.Ba6 Qd5 20.Bc4 1/2-1/2

[Event "12th American Continental"]
[Site "Medellin COL"]
[Date "2017.06.15"]
[Round "8.13"]
[White "Garcia Pantoja, Roberto"]
[Black "Escalante Ramirez, Brian Sebastian"]
[Result "1/2-1/2"]
[WhiteElo "2500"]
[BlackElo "2338"]
[EventDate "2017.06.10"]
[PlyCount "68"]

1.e4 c5 2.Nf3 d6 3.d4 cxd4 4.Nxd4 Nf6 5.Nc3 Nc6 6.Bg5 e6 7.Qd2 a6 8.O-O-O 
h6 9.Nxc6 bxc6 10.Bf4 d5 11.Qe3 Bb4 12.a3 Ba5 13.Be2 O-O 14.e5 Nd7 15.Qg3 
Bc7 16.Na4 f5 17.exf6 Bxf4+ 18.Qxf4 Qxf6 19.Qxf6 Rxf6 20.f3 c5 21.c4 Bb7 
22.Bd3 d4 23.Rde1 Rb8 24.Be4 Bxe4 25.Rxe4 Rg6 26.Re2 Kf7 27.Rhe1 Ke7 28.
Kc2 Kd6 29.Rd1 Nb6 30.Nxb6 Rxb6 31.Rd3 Rf6 32.Rb3 Rxb3 33.Kxb3 Rf4 34.Rd2 
Ke5 1/2-1/2

[Event "12th American Continental"]
[Site "Medellin COL"]
[Date "2017.06.15"]
[Round "8.20"]
[White "Prasca Sosa, Rafael"]
[Black "Kaidanov, Gregory"]
[Result "1/2-1/2"]
[WhiteElo "2400"]
[BlackElo "2550"]
[EventDate "2017.06.10"]
[PlyCount "75"]

1.e4 e5 2.Nf3 Nc6 3.Bb5 a6 4.Ba4 Nf6 5.d3 b5 6.Bb3 Be7 7.O-O O-O 8.c3 Bb7 
9.Bg5 h6 10.Bh4 d6 11.Nbd2 Nh5 12.Bg3 Nxg3 13.hxg3 Na5 14.Bc2 c5 15.Re1 
Bf6 16.Nf1 d5 17.d4 cxd4 18.cxd4 dxe4 19.Nxe5 Re8 20.Bxe4 Bxe4 21.Rxe4 Nc4
22.Qb3 Nxe5 23.Rae1 Qd6 24.Qe3 Nf3+ 25.Qxf3 Rxe4 26.Rxe4 Rd8 27.Ne3 Bxd4 
28.Nf5 Qf6 29.Nxd4 Rxd4 30.Qxf6 Rd1+ 31.Kh2 gxf6 32.a4 bxa4 33.Rxa4 Rd6 
34.Rb4 f5 35.g4 fxg4 36.Rxg4+ Kf8 37.Rb4 Ke7 38.Kg3 1/2-1/2

[Event "12th American Continental"]
[Site "Medellin COL"]
[Date "2017.06.15"]
[Round "8.31"]
[White "Guerrero Sierra, Juan Carlos"]
[Black "Vazquez Colman, Guillermo"]
[Result "1/2-1/2"]
[WhiteElo "2303"]
[BlackElo "2443"]
[EventDate "2017.06.10"]
[PlyCount "90"]

1.e4 c5 2.Nf3 e6 3.d4 cxd4 4.Nxd4 Nc6 5.Nc3 Qc7 6.Be3 a6 7.Qd2 Nf6 8.O-O-O
Bb4 9.f3 Ne7 10.Bg5 b5 11.a3 Bxc3 12.Qxc3 Qxc3 13.bxc3 d5 14.Nb3 dxe4 15.
Bxf6 gxf6 16.fxe4 Rg8 17.g3 Rg5 18.Bd3 Ng6 19.Rhf1 Ke7 20.Rd2 Ne5 21.Na5 
Bd7 22.Rdf2 Ng4 23.Rd2 Rc8 24.Kb2 Rgc5 25.Rf4 Ne5 26.Rdf2 Rxc3 27.Rxf6 
Rxd3 28.cxd3 Nxd3+ 29.Kb3 Nxf2 30.Rxf2 e5 31.Kb4 Rc1 32.Rf3 Re1 33.Kc5 
Rxe4 34.Kb6 Re1 35.Kxa6 e4 36.Rc3 e3 37.Nb3 Kf6 38.Nd4 Bg4 39.Nc2 Rb1 40.
Rxe3 Rb2 41.Nb4 Rxh2 42.Kxb5 Be6 43.Kb6 Rb2 44.Kc5 Rb1 45.Nd5+ Bxd5 
1/2-1/2

[Event "12th American Continental"]
[Site "Medellin COL"]
[Date "2017.06.15"]
[Round "8.32"]
[White "Torres, Juan Camilo"]
[Black "Martinez Romero, Martin"]
[Result "1/2-1/2"]
[WhiteElo "2275"]
[BlackElo "2427"]
[EventDate "2017.06.10"]
[PlyCount "36"]

1.d4 Nf6 2.Nf3 g6 3.c4 Bg7 4.g3 O-O 5.Bg2 d6 6.Nc3 Nc6 7.d5 Na5 8.Nd2 c5 
9.Qc2 a6 10.b3 Rb8 11.Bb2 b5 12.O-O bxc4 13.bxc4 Bh6 14.f4 e5 15.dxe6 Bxe6
16.Nd5 Rxb2 17.Qxb2 Bg7 18.Qa3 Nxc4 1/2-1/2

[Event "12th American Continental"]
[Site "Medellin COL"]
[Date "2017.06.15"]
[Round "8.35"]
[White "Duran Vega, Sergio"]
[Black "Soto Gonzalez, Miguel Angel"]
[Result "1/2-1/2"]
[WhiteElo "2408"]
[BlackElo "2072"]
[EventDate "2017.06.10"]
[PlyCount "55"]

1.d4 Nf6 2.c4 g6 3.Nf3 Bg7 4.Nc3 O-O 5.g3 d6 6.Bg2 Nc6 7.O-O Rb8 8.e4 a6 
9.d5 Na5 10.c5 b6 11.cxb6 cxb6 12.Nd4 Bd7 13.b3 b5 14.Bb2 Qb6 15.Qd2 Rfc8 
16.h3 Nb7 17.Rac1 b4 18.Nd1 Bb5 19.Nxb5 Qxb5 20.f4 Nc5 21.Nf2 a5 22.e5 Ne8
23.exd6 exd6 24.f5 Bxb2 25.Qxb2 Nd3 26.Nxd3 Qxd3 27.fxg6 hxg6 28.Qf2 
1/2-1/2

[Event "12th American Continental"]
[Site "Medellin COL"]
[Date "2017.06.15"]
[Round "8.41"]
[White "Saladen Dulce, Rafael"]
[Black "Ruiz Castillo, Joshua Daniel"]
[Result "0-1"]
[WhiteElo "2155"]
[BlackElo "2367"]
[EventDate "2017.06.10"]
[PlyCount "99"]

1.d4 Nf6 2.Nf3 e6 3.c4 b6 4.a3 Ba6 5.Qc2 c5 6.d5 exd5 7.cxd5 g6 8.Nc3 Bg7 
9.g3 O-O 10.Bg2 d6 11.O-O b5 12.b4 Nbd7 13.Bb2 Rc8 14.Qd3 Nb6 15.Nd2 Ng4 
16.Ra2 Ne5 17.Qb1 f5 18.e3 Qd7 19.Ne2 g5 20.Bxe5 dxe5 21.bxc5 Rxc5 22.Nb3 
Rcc8 23.Rc1 Nc4 24.Nc3 g4 25.a4 b4 26.Nb5 Bxb5 27.axb5 Na3 28.Qd3 e4 29.
Qd1 Rxc1 30.Nxc1 Qxb5 
    ( 30...Nxb5 31.Qb3 Rc8 32.d6+ Kh8 33.Ne2 a5 34.Bf1 a4 35.Qf7 )
31.Qb3 Rc8 32.d6+ Kh8 33.Ne2 a5 34.Bf1 a4 35.Qf7 Rf8 36.Qe7 Qe8 37.Rd2 b3 
38.Nf4 b2 39.Ne6 Bf6 40.Qxe8 Rxe8 41.Rxb2 Rxe6 42.d7 Rd6 43.Ra2 Nb1 44.
Rxa4 Rxd7 45.Ra5 Rd1 46.Kg2 Nd2 47.Rd5 Bc3 48.Bb5 Kg7 49.Rxf5 Nf3 50.Bf1 
0-1

[Event "12th American Continental"]
[Site "Medellin COL"]
[Date "2017.06.15"]
[Round "8.47"]
[White "Henao, Bernardo Andres"]
[Black "Solano Cuya, Bryan"]
[Result "1-0"]
[WhiteElo "2059"]
[BlackElo "2246"]
[EventDate "2017.06.10"]
[PlyCount "103"]

1.d4 Nf6 2.c4 g6 3.Nc3 d5 4.cxd5 Nxd5 5.e4 Nxc3 6.bxc3 Bg7 7.Bg5 c5 8.Rc1 
O-O 9.d5 Qd6 10.Nf3 Bg4 11.Be2 Nd7 12.O-O Bxf3 13.Bxf3 c4 14.Qd2 b5 15.Bh6
Bxh6 16.Qxh6 a5 17.Qe3 Rfc8 18.Rfe1 Ne5 19.Be2 Qc5 20.Qxc5 Rxc5 21.f4 Nd7 
22.a3 Nb6 23.Bf3 Rd8 24.Rcd1 Na4 25.Re3 Rb8 26.e5 Kf8 27.Be4 Rd8 28.d6 
exd6 29.Rxd6 Ke7 30.Rxd8 Kxd8 31.Kf1 Kc7 32.Ke1 Kb6 33.Kd2 Rc7 34.Kc2 Nc5 
35.g4 Rd7 36.f5 Re7 37.Bd5 gxf5 38.gxf5 f6 39.e6 Kc7 40.Re2 Kd6 41.Bf3 Nd3
42.Re4 Kc5 43.Be2 Ne5 44.Bh5 b4 45.axb4+ axb4 46.cxb4+ Kxb4 47.Rxe5 fxe5 
48.Bf7 Ra7 49.f6 Ra2+ 50.Kb1 Rxh2 51.e7 Kb3 52.Bxc4+ 1-0

[Event "12th American Continental"]
[Site "Medellin COL"]
[Date "2017.06.15"]
[Round "8.50"]
[White "Castrillon Gomez, Melissa"]
[Black "Ramirez Gonzalez, Mauricio"]
[Result "1/2-1/2"]
[WhiteElo "2210"]
[BlackElo "2108"]
[EventDate "2017.06.10"]
[PlyCount "46"]

1.e4 e6 2.d4 d5 3.e5 c5 4.c3 Nc6 5.Nf3 Qb6 6.a3 Nh6 7.b4 cxd4 8.cxd4 Nf5 
9.Be3 f6 10.exf6 gxf6 11.Bd3 Nxe3 12.fxe3 Bh6 13.Qe2 Bd7 14.Nc3 Ne7 15.O-O
O-O 16.Nd2 e5 17.Nb3 e4 18.Bc2 Rad8 19.Rae1 Kh8 20.Qh5 f5 21.Qh4 Qf6 22.
Qxf6+ Rxf6 23.g3 b6 1/2-1/2

[Event "12th American Continental"]
[Site "Medellin COL"]
[Date "2017.06.15"]
[Round "8.51"]
[White "Cordero Loup, Ely Daniela"]
[Black "Harper, Ryan"]
[Result "1-0"]
[WhiteElo "1979"]
[BlackElo "2209"]
[EventDate "2017.06.10"]
[PlyCount "61"]

1.d4 Nf6 2.Nf3 d5 3.c4 e6 4.g3 Be7 5.Bg2 O-O 6.Qc2 b6 7.cxd5 Nxd5 8.O-O 
Bb7 9.a3 Nd7 10.h4 h6 11.e4 N5f6 
    ( 11...N7f6 12.Nc3 c5 )
12.Nc3 c5 13.d5 exd5 14.exd5 Nxd5 15.Nxd5 Bxd5 16.Rd1 Be6 17.Ne5 Qc7 18.
Nxd7 Bxd7 19.Bf4 Qc8 20.Bxa8 Bg4 21.f3 Qxa8 22.fxg4 Qf3 23.g5 hxg5 24.hxg5
c4 25.Rf1 Bc5+ 26.Kh2 Qg4 27.Rac1 Rd8 28.Kg2 Rd3 29.Rcd1 Qd7 30.Rxd3 cxd3 
31.Qd2 1-0

[Event "12th American Continental"]
[Site "Medellin COL"]
[Date "2017.06.15"]
[Round "8.53"]
[White "Zambrano Acebo, Junior"]
[Black "Zapata Arbelaez, Estiven"]
[Result "1/2-1/2"]
[WhiteElo "1933"]
[BlackElo "2202"]
[EventDate "2017.06.10"]
[PlyCount "47"]

1.e4 e5 2.Nf3 Nc6 3.Bb5 a6 4.Bxc6 dxc6 5.O-O f6 6.d4 exd4 7.Nxd4 Bd6 8.Be3
Ne7 9.Nd2 c5 10.N4b3 b6 11.Nc4 Be6 12.Qe2 b5 13.Nxd6+ cxd6 14.Rfd1 Qb6 15.
Qd2 Rd8 16.Qa5 Qxa5 17.Nxa5 Rd7 18.Rd2 O-O 19.Rad1 Rfd8 20.Nb3 Nc6 21.Bf4 
Bxb3 22.axb3 Ne5 23.Bxe5 fxe5 24.g3 1/2-1/2

[Event "12th American Continental"]
[Site "Medellin COL"]
[Date "2017.06.15"]
[Round "8.67"]
[White "Parmet, Daniel Edward"]
[Black "Madeira, Wagner Martins"]
[Result "0-1"]
[WhiteElo "1870"]
[BlackElo "2185"]
[EventDate "2017.06.10"]
[PlyCount "70"]

1.d4 Nf6 2.c4 c5 3.d5 e6 4.Nc3 exd5 5.cxd5 d6 6.e4 g6 7.Bd3 Bg7 8.h3 O-O 
9.Nge2 Na6 10.O-O Nc7 11.a4 b6 12.Bg5 Ba6 13.Ng3 Qd7 14.Kh1 b5 15.Qf3 Nfe8
16.axb5 Bxb5 17.Nxb5 Nxb5 18.Bxb5 Qxb5 19.Be7 Qxb2 20.Rab1 Qc3 21.Qe2 a5 
22.Bxf8 Kxf8 23.Qb5 a4 24.Qc6 Qa5 25.Rb5 Qd8 26.e5 Bxe5 27.Re1 a3 28.Rxe5 
dxe5 29.Rb1 a2 30.Ra1 Ra5 31.Qb7 Nd6 32.Qb2 Nc4 33.Qc2 Qxd5 34.Rxa2 Rxa2 
35.Qxa2 Ne3 0-1

[Event "12th American Continental"]
[Site "Medellin COL"]
[Date "2017.06.15"]
[Round "8.68"]
[White "Otalora Pacheco, Carlos Eduardo"]
[Black "Robledo Legarda, Andres Mauricio"]
[Result "1/2-1/2"]
[WhiteElo "2175"]
[BlackElo "1942"]
[EventDate "2017.06.10"]
[PlyCount "85"]

1.d4 Nf6 2.Nf3 g6 3.c4 Bg7 4.Nc3 d5 5.cxd5 Nxd5 6.e4 Nxc3 7.bxc3 O-O 8.Be2
c5 9.Rb1 Nd7 10.O-O Qc7 11.Bg5 Nf6 12.Bd3 b6 13.Qd2 Bb7 14.Qe3 Rad8 15.Bf4
Qc8 16.h3 Ba6 17.Be5 Rfe8 18.a4 Bxd3 19.Qxd3 cxd4 20.cxd4 Qc6 21.Bxf6 exf6
22.Qa6 Rxe4 23.Qxa7 Ra8 24.Rxb6 Rxa7 25.Rxc6 Rxa4 26.Rc8+ Bf8 27.Rc2 Ra5 
28.Rd1 Rd5 29.Kf1 Bb4 30.Re2 f5 31.Re3 Bd6 32.Rde1 Rxe3 33.fxe3 Bg3 34.Rd1
Kg7 35.Ke2 Kf6 36.Rc1 h6 37.Kd3 Ra5 38.Rc6+ Ke7 39.Nd2 Ra3+ 40.Rc3 Rxc3+ 
41.Kxc3 Be1 42.Kd3 Bxd2 43.Kxd2 1/2-1/2

[Event "12th American Continental"]
[Site "Medellin COL"]
[Date "2017.06.15"]
[Round "8.70"]
[White "Vasquez Garrido, Nuremberg"]
[Black "Mateus Urbano, Martha"]
[Result "0-1"]
[WhiteElo "1987"]
[BlackElo "2138"]
[EventDate "2017.06.10"]
[PlyCount "50"]

1.e4 c5 2.c3 d5 3.exd5 Qxd5 4.d4 Nf6 5.Nf3 Bg4 6.Be2 e6 7.Be3 cxd4 8.cxd4 
Nc6 9.Nc3 Qd6 10.O-O Be7 11.Rc1 O-O 12.a3 a6 13.Qb3 b5 14.Rfd1 Rac8 15.d5 
Na5 16.Qa2 Nc4 17.dxe6 Qxe6 18.Rd3 Nxe3 19.Rxe3 Rxc3 20.Rxe6 Rxc1+ 21.Bf1 
Bxe6 22.b3 Rd8 23.Nd2 Rdc8 24.Qb2 R8c2 25.Qd4 Rd1 0-1

[Event "12th American Continental"]
[Site "Medellin COL"]
[Date "2017.06.15"]
[Round "8.72"]
[White "Noboa Silva, Kevin"]
[Black "Martinez Romero, Mauricio"]
[Result "1-0"]
[WhiteElo "2129"]
[BlackElo "1931"]
[EventDate "2017.06.10"]
[PlyCount "121"]

1.d4 Nf6 2.c4 e5 3.dxe5 Ng4 4.e3 Nxe5 5.Nc3 Bb4 6.Nh3 d6 7.Nf4 Bxc3+ 8.
bxc3 Nbc6 9.Be2 O-O 10.O-O b6 11.Nd5 Na5 12.e4 Nexc4 13.f4 c6 14.Nb4 Bb7 
15.Bf3 Qf6 16.Qe1 Rfe8 17.Nd3 Qd8 18.g4 c5 19.Nf2 Bxe4 20.Bxe4 d5 21.Bxh7+
Kxh7 22.Qd1 d4 23.g5 g6 24.Ng4 Kg7 25.Nf6 Rh8 26.Qf3 Qc8 27.cxd4 cxd4 28.
Qf2 Qh3 29.Rb1 Rad8 30.Rb5 Ne3 31.Re1 Nac4 32.Bb2 Nxb2 33.Rxb2 Ng4 34.Qc2 
Ne3 35.Qd3 Qf5 36.Qxf5 Nxf5 37.Kg2 Ne3+ 38.Kf3 Nd5 39.Nxd5 Rxd5 40.Rd2 
Rhd8 41.Re7 R8d7 42.Rxd7 Rxd7 43.Ke4 f5+ 44.Kd3 b5 45.Rb2 Re7 46.Rxb5 Re4 
47.Rb7+ Kf8 48.Rxa7 Rxf4 49.a4 Rg4 50.a5 Rxg5 51.a6 Rg2 52.Rb7 Rxh2 53.a7 
Ra2 54.Rb8+ Kf7 55.a8=Q Rxa8 56.Rxa8 Kf6 57.Kxd4 Kg5 58.Ke5 Kg4 59.Ra1 Kf3
60.Rg1 Ke3 61.Rxg6 1-0

[Event "12th American Continental"]
[Site "Medellin COL"]
[Date "2017.06.15"]
[Round "8.73"]
[White "Silva, Enmanuel"]
[Black "Cadavid Osorio, Juan Miguel"]
[Result "1-0"]
[WhiteElo "2119"]
[BlackElo "1894"]
[EventDate "2017.06.10"]
[PlyCount "53"]

1.e4 c5 2.Nf3 e6 3.d4 cxd4 4.Nxd4 a6 5.Nc3 Qc7 6.Bd3 Nf6 7.Nb3 Nc6 8.f4 d6
9.a4 b6 10.Be3 Be7 11.O-O Bb7 12.Qf3 g6 13.Qf2 Bd8 14.h3 h5 15.Nd2 Nb8 16.
Nc4 Nbd7 17.e5 Nd5 18.Nxd6+ Kf8 19.Nxd5 Bxd5 20.c4 Bc6 21.b4 Be7 22.b5 Bb7
23.a5 Bxd6 24.axb6 Qb8 25.exd6 Qxd6 26.Bd4 Rh7 27.c5 1-0

[Event "12th American Continental"]
[Site "Medellin COL"]
[Date "2017.06.15"]
[Round "8.74"]
[White "Escobar Medina, Andres"]
[Black "Florez Castro, Estiven"]
[Result "0-1"]
[WhiteElo "2343"]
[BlackElo "1820"]
[EventDate "2017.06.10"]
[PlyCount "65"]

1.e4 c5 2.Nf3 d6 3.d4 cxd4 4.Nxd4 Nf6 5.Nc3 a6 6.Bg5 e6 7.f4 Nbd7 8.Qf3 h6
9.Bh4 Qc7 10.O-O-O Be7 11.Be2 Rb8 12.Qg3 O-O 13.a4 Nc5 14.Bf3 Kh8 15.Qe1 
Bd7 16.g4 Nxa4 17.g5 Ng8 18.gxh6 g6 19.h7 Nf6 20.Rd3 Nc5 21.e5 Nxd3+ 22.
cxd3 dxe5 23.fxe5 Nd5 24.Bxd5 Bxh4 25.Qxh4 exd5 26.Qf6+ Kxh7 27.h4 Bc6 28.
h5 g5 29.Qxg5 Rg8 30.Qf4 Qd7 31.Nf5 Qe6 32.Rh4 b5 33.Qd4 {time} 0-1

[Event "12th American Continental"]
[Site "Medellin COL"]
[Date "2017.06.15"]
[Round "8.75"]
[White "Barria Baker, Raisa Melissa"]
[Black "Romero Barreto, Jaime Jose"]
[Result "0-1"]
[WhiteElo "1971"]
[BlackElo "2266"]
[EventDate "2017.06.10"]
[PlyCount "64"]

1.d4 Nf6 2.Nf3 g6 3.c4 Bg7 4.Nc3 O-O 5.e4 d6 6.h3 Nbd7 7.Be3 e5 8.d5 Nc5 
9.Nd2 a5 10.Be2 Ne8 11.Nb3 b6 12.Qd2 f5 13.exf5 gxf5 14.Bg5 Bf6 15.Bxf6 
Qxf6 16.O-O-O a4 17.Nxc5 dxc5 18.g4 Nd6 19.g5 Qg7 20.Rdg1 Ba6 21.Nb5 Bxb5 
22.cxb5 a3 23.h4 axb2+ 24.Qxb2 Ra4 25.h5 Rd4 26.h6 Qf7 27.Bh5 Qxd5 28.Rh3 
Ra8 29.a3 Nc4 30.Qa2 Rd2 31.Bf7+ Kxf7 32.g6+ hxg6 0-1

[Event "12th American Continental"]
[Site "Medellin COL"]
[Date "2017.06.15"]
[Round "8.76"]
[White "Sanchez Alvarez, Kelvin Antonio"]
[Black "Estrada Ruiz, Walter"]
[Result "1-0"]
[WhiteElo "2257"]
[BlackElo "1982"]
[EventDate "2017.06.10"]
[PlyCount "47"]

1.e4 d5 2.exd5 Nf6 3.Nf3 Nxd5 4.c4 Nf6 5.d4 g6 6.Be2 Bg7 7.h3 O-O 8.Nc3 c5
9.dxc5 Qa5 10.O-O Qxc5 11.Be3 Qa5 12.a3 a6 13.b4 Qc7 14.Rc1 Rd8 15.Qb3 Nc6
16.Nd5 Qb8 17.Nb6 Bf5 18.Nxa8 Qxa8 19.Rfd1 Ne4 20.Bd3 Qc8 21.g4 Bxg4 22.
Bxe4 Bxh3 23.Rxd8+ Nxd8 24.Nh2 1-0

[Event "12th American Continental"]
[Site "Medellin COL"]
[Date "2017.06.15"]
[Round "8.77"]
[White "Patino Garcia, Corals"]
[Black "Pazos Gambarrotti, Plinio"]
[Result "0-1"]
[WhiteElo "1967"]
[BlackElo "2232"]
[EventDate "2017.06.10"]
[PlyCount "74"]

1.d4 g6 2.c4 Bg7 3.Nc3 c5 4.d5 Bxc3+ 5.bxc3 f5 6.Bg5 d6 7.h4 h6 8.Bd2 Nf6 
9.Nh3 Nbd7 10.Qc1 Qa5 11.f3 Ne5 12.Nf4 Rg8 13.Nd3 Nf7 14.Qb2 Qa6 15.Qb3 
Bd7 16.Rb1 b6 17.Nf4 g5 18.hxg5 hxg5 19.Nh5 O-O-O 20.Nxf6 exf6 21.a4 Rh8 
22.Rxh8 Rxh8 23.a5 Qxa5 24.Qb2 Qa6 25.Ra1 Qb7 26.e3 Ne5 27.Kf2 Rh1 28.Be2 
Rh4 29.Qa2 Kb8 30.f4 Ng6 31.fxg5 fxg5 32.Kg1 Bc8 33.Bc1 Rh6 34.Bf3 Qh7 35.
Qa4 Rh1+ 36.Kf2 g4 37.Qc6 Qe7 0-1

[Event "12th American Continental"]
[Site "Medellin COL"]
[Date "2017.06.15"]
[Round "8.78"]
[White "Moccero, Eduardo"]
[Black "Castaneda, Jhon David"]
[Result "1/2-1/2"]
[WhiteElo "1953"]
[BlackElo "2195"]
[EventDate "2017.06.10"]
[PlyCount "41"]

1.d4 Nf6 2.Nf3 e6 3.Nbd2 d5 4.e3 c5 5.Bd3 Nc6 6.c3 Bd6 7.O-O O-O 8.dxc5 
Bxc5 9.e4 Qc7 10.Qe2 Bd6 11.Re1 Bf4 12.h3 g6 13.Nb3 Nh5 14.Bc2 Ne7 15.Bxf4
Nxf4 16.Qe3 f6 17.e5 fxe5 18.Nxe5 Qb6 19.Qxb6 axb6 20.Nd4 Rd8 21.a3 
1/2-1/2

[Event "12th American Continental"]
[Site "Medellin COL"]
[Date "2017.06.15"]
[Round "8.79"]
[White "Quishpe Vaca, Andres"]
[Black "Montilla Reyes, Jorcerys"]
[Result "0-1"]
[WhiteElo "1929"]
[BlackElo "2161"]
[EventDate "2017.06.10"]
[PlyCount "110"]

1.e4 c5 2.c3 Nf6 3.e5 Nd5 4.d4 cxd4 5.Nf3 Nc6 6.cxd4 d6 7.Bc4 Nb6 8.Bb5 
Bd7 9.exd6 e6 10.Nc3 Bxd6 11.O-O O-O 12.Ne4 Be7 13.Nc5 Bxc5 14.dxc5 Nd5 
15.Bd2 Rc8 16.Rc1 Qf6 17.Qb3 h6 18.Rfd1 Rfd8 19.Bc3 Nxc3 20.Qxc3 Qxc3 21.
Rxc3 Be8 22.Rcc1 a6 23.Be2 Rxd1+ 24.Rxd1 Nb4 25.a3 Nd5 26.Rc1 a5 27.Ne5 f6
28.Nd3 Bb5 29.Nf4 Bxe2 30.Nxe2 Kf7 31.h4 Ke7 32.Kf1 Kd7 33.Ke1 e5 34.g3 
Kc6 35.Nc3 Nxc3 36.Rxc3 Rc7 37.a4 Kd5 38.Rb3 Kxc5 39.Rb5+ Kc4 40.Kd2 Kd4 
41.Rxa5 Ke4 42.Rb5 Kf3 43.Ke1 Rc1+ 44.Kd2 Ra1 45.Rxb7 Kxf2 46.Rxg7 e4 47.
Rf7 e3+ 48.Kc3 e2 49.Rxf6+ Kxg3 50.Re6 e1=Q+ 51.Rxe1 Rxe1 52.b4 Kxh4 53.a5
Rb1 54.Kc4 Ra1 55.Kb5 Kg3 0-1

[Event "12th American Continental"]
[Site "Medellin COL"]
[Date "2017.06.15"]
[Round "8.80"]
[White "Posada Zuluaga, Juan Manuel"]
[Black "Silva, Jorge"]
[Result "0-1"]
[WhiteElo "2153"]
[BlackElo "1977"]
[EventDate "2017.06.10"]
[PlyCount "36"]

1.e4 e5 2.Nf3 Nc6 3.d4 exd4 4.Nxd4 Bc5 5.Be3 Qf6 6.c3 Nge7 7.Bc4 d6 8.O-O 
Ne5 9.Be2 Qg6 10.Bh5 Qxe4 11.Nd2 Qh4 12.h3 O-O 13.b4 Bb6 14.f4 Nd5 15.Bf2 
Qxf4 16.Nb5 Qh6 17.Bxb6 axb6 18.Rf2 Bd7 0-1

[Event "12th American Continental"]
[Site "Medellin COL"]
[Date "2017.06.15"]
[Round "8.83"]
[White "Benavides Montenegro, Maicol"]
[Black "Obando Guzman, Soren Federico"]
[Result "1-0"]
[WhiteElo "2090"]
[BlackElo "1964"]
[EventDate "2017.06.10"]
[PlyCount "71"]

1.e4 g6 2.d4 Bg7 3.Nc3 d6 4.f3 a6 5.a4 b6 6.Be3 Bb7 7.Qd2 Nd7 8.h4 h5 9.
Nh3 e6 10.Ng5 Ne7 11.g3 Rc8 12.Bh3 O-O 13.g4 hxg4 14.Bxg4 c5 15.O-O-O cxd4
16.Bxd4 Ne5 17.Qf2 Qd7 18.h5 Nxg4 19.fxg4 e5 20.Be3 Rxc3 21.bxc3 f6 22.Nf3
Bxe4 23.h6 Rc8 24.hxg7 Rxc3 25.Nxe5 Qe6 26.Nd3 Bxh1 27.Rxh1 Kxg7 28.Bd4 
Rc8 29.Bxf6+ Kf8 30.Bxe7+ Ke8 31.Re1 Qa2 32.Bxd6+ Kd7 33.Re7+ Kxd6 34.Qf6+
Kd5 35.Re5+ Kd4 36.Qf4+ 1-0

[Event "12th American Continental"]
[Site "Medellin COL"]
[Date "2017.06.15"]
[Round "8.84"]
[White "Castano Grajales, Jhon Edison"]
[Black "Toro Castaneda, Elizabeth"]
[Result "1/2-1/2"]
[WhiteElo "2088"]
[BlackElo "1953"]
[EventDate "2017.06.10"]
[PlyCount "52"]

1.Nf3 Nf6 2.c4 g6 3.b4 Bg7 4.Bb2 O-O 5.g3 d5 6.cxd5 a5 7.b5 a4 8.Bg2 Bd7 
9.Nd4 Nxd5 10.Qc1 Bc8 11.Qc5 e6 12.O-O Nd7 13.Qc2 a3 14.Bc3 Nxc3 15.dxc3 
Nc5 16.Qc1 Bxd4 17.cxd4 Qxd4 18.Nxa3 Qb4 19.Nc4 Qxb5 20.Qf4 c6 21.Ne5 Qxe2
22.Bf3 Qb2 23.Rab1 Qa3 24.Rfd1 f6 25.Nxg6 hxg6 26.Qh6 Qxf3 1/2-1/2

[Event "12th American Continental"]
[Site "Medellin COL"]
[Date "2017.06.15"]
[Round "8.85"]
[White "Gonzalez Rodriguez, Eleicer"]
[Black "Rodriguez Arrieta, Maria Elena"]
[Result "1/2-1/2"]
[WhiteElo "2078"]
[BlackElo "1926"]
[EventDate "2017.06.10"]
[PlyCount "111"]

1.e4 e5 2.Nf3 Nc6 3.Bb5 a6 4.Ba4 Nf6 5.O-O Be7 6.Re1 b5 7.Bb3 O-O 8.c3 d6 
9.h3 Re8 10.d4 Bb7 11.Nbd2 Bf8 12.Bc2 Nb8 13.d5 Nbd7 14.Nf1 c6 15.dxc6 
Bxc6 16.Ng3 d5 17.Bg5 Qc7 18.Qe2 dxe4 19.Nxe4 Nxe4 20.Bxe4 f6 21.Bd2 Bxe4 
22.Qxe4 Nc5 23.Qc2 Rad8 24.Be3 Nd3 25.Re2 Rd7 26.Rd1 Red8 27.Red2 e4 28.
Nd4 Qc4 29.b3 Qf7 30.f3 f5 31.fxe4 fxe4 32.Rf1 Qg6 33.b4 Bd6 34.Ne2 Rf7 
35.Rdd1 Rdf8 36.Qb3 Kh8 37.Rxf7 Rxf7 38.Qd5 h6 39.Rf1 Rxf1+ 40.Kxf1 Bh2 
41.g4 Qf6+ 42.Qf5 Qh4 43.Qf8+ Kh7 44.Qf5+ Kh8 45.Kg2 Qe1 46.Qf1 Qxf1+ 47.
Kxf1 Kg8 48.Nd4 Kf7 49.Ke2 Kf6 50.Nf5 Be5 51.Bd4 Bxd4 52.Nxd4 Ke5 53.Ke3 
Nb2 54.Nc6+ Kd5 55.Ne7+ Ke5 56.Nc6+ 1/2-1/2

[Event "12th American Continental"]
[Site "Medellin COL"]
[Date "2017.06.15"]
[Round "8.87"]
[White "Zapata Hincapie, Jhon Alexander"]
[Black "Echavarria, Gustavo"]
[Result "1-0"]
[WhiteElo "2055"]
[BlackElo "1902"]
[EventDate "2017.06.10"]
[PlyCount "75"]

1.e4 c6 2.d4 d5 3.e5 Bf5 4.Nc3 e6 5.g4 Bg6 6.Nge2 Bb4 7.Bg2 Ne7 8.h4 h6 9.
Be3 Nd7 10.a3 Ba5 11.Nf4 Qc7 12.b4 Bb6 13.Nxg6 Nxg6 14.h5 Ne7 15.Qd2 O-O-O
16.Na4 f6 17.exf6 Nxf6 18.Bf4 Qd7 19.Nxb6+ axb6 20.f3 b5 21.O-O b6 22.Rfe1
Rde8 23.Qe3 Rhf8 24.Qxe6 Nxg4 25.Bd6 Nf6 26.Bxe7 Qxe6 27.Rxe6 Rf7 28.Bh3 
Kb7 29.Bxf6 Rxe6 30.Bxe6 Rxf6 31.Bg4 Kc7 32.Re1 Kd6 33.Re8 Rf7 34.Re6+ Kc7
35.Kf2 Kb7 36.Kg3 Rc7 37.Rd6 c5 38.dxc5 1-0

[Event "12th American Continental"]
[Site "Medellin COL"]
[Date "2017.06.15"]
[Round "8.89"]
[White "Ramos Arboleda, Dellys Carolina"]
[Black "Castano Ortiz, Eder"]
[Result "0-1"]
[WhiteElo "1664"]
[BlackElo "2029"]
[EventDate "2017.06.10"]
[PlyCount "72"]

1.e4 c5 2.Nf3 e6 3.c4 Nc6 4.d4 cxd4 5.Nxd4 Nf6 6.Nc3 Bb4 7.Nxc6 bxc6 8.Bd3
e5 9.Bd2 O-O 10.O-O d6 11.a3 Bc5 12.Kh1 a5 13.Rb1 Ng4 14.Be1 Qh4 15.h3 
Nxf2+ 16.Bxf2 Bxf2 17.Qf3 Bd7 18.b4 axb4 19.axb4 Be6 20.b5 Bd4 21.Ne2 Bc5 
22.Ra1 Rxa1 23.Rxa1 cxb5 24.cxb5 Rd8 25.Kh2 d5 26.Rc1 Bd6 27.Ng3 dxe4 28.
Bxe4 g6 29.b6 Qe7 30.Bc6 f5 31.Ra1 e4 32.Qb3 Bb8 33.b7 Rd3 34.Qb2 Bxg3+ 
35.Kg1 Bb8 36.Ra8 Rd1+ 0-1

[Event "12th American Continental"]
[Site "Medellin COL"]
[Date "2017.06.15"]
[Round "8.90"]
[White "Ruiz Agudelo, Santiago"]
[Black "Gallego Lopez, Julian Andres"]
[Result "0-1"]
[WhiteElo "1870"]
[BlackElo "2027"]
[EventDate "2017.06.10"]
[PlyCount "45"]

1.e4 c5 2.Nf3 e6 3.d4 cxd4 4.Nxd4 a6 5.Bd3 Qc7 6.O-O Nf6 7.Qe2 d6 8.f4 g6 
9.c4 Bg7 10.Kh1 O-O 11.f5 Nc6 12.Nc2 Ne5 13.Ne3 Nxd3 14.Qxd3 b5 15.Nc3 b4 
16.Ne2 Bb7 17.Ng3 Qc6 18.Bd2 a5 19.Rae1 Rfe8 20.fxg6 fxg6 21.Qc2 Rac8 22.
b3 d5 23.Bxb4 {illegible} 0-1

[Event "12th American Continental"]
[Site "Medellin COL"]
[Date "2017.06.15"]
[Round "8.91"]
[White "Gomez Barrero, Sergio"]
[Black "Croes, Octavio"]
[Result "1-0"]
[WhiteElo "2023"]
[BlackElo "1888"]
[EventDate "2017.06.10"]
[PlyCount "63"]

1.e4 c5 2.Nf3 d6 3.d4 cxd4 4.Nxd4 Nf6 5.Nc3 a6 6.Be3 Ng4 7.Bc1 Nf6 8.f3 e5
9.Nb3 Be6 10.Be2 Qb6 11.Qd3 Be7 12.Be3 Qc7 13.O-O-O b5 14.a3 Nbd7 15.g4 h6
16.h4 Bxb3 17.cxb3 Nc5 18.Bxc5 Qxc5 19.b4 Qb6 20.g5 Nh5 21.Nd5 Qc6+ 22.Kb1
Nf4 23.Nxf4 exf4 24.Rc1 Qb7 25.g6 O-O 26.gxf7+ Rxf7 27.Bd1 Rd8 28.Bb3 Bf6 
29.Bd5 Qd7 30.Qb3 Rf8 31.Rc6 Bxh4 32.Rhc1 1-0